000 01087nam a2200241 i 4500
001 bg
245 0 0 _aZarządzanie kosztami w przedsiębiorstwach w aspekcie integracji Polski z Unią Europejską :
_bII Międzynarodowa Konferencja Naukowa, Częstochowa 1-2 luty 2001 rok : materiały konferencyjne.
260 _aCzęstochowa :
_bWydaw. Wydziału Zarządzania Politechniki Częstochowskiej,
_c2001.
300 _a498 s. :
_bil. ;
_c24 cm.
490 1 _aPrace Wydziału Zarządzania Politechniki Częstochowskiej. Seminaria i Konferencje,
_x1428-1597 ;
_v5
500 _aTekst częśc. ang., czes. - Streszcz ang.
504 _aBibliogr. przy ref.
650 9 _aUnia Europejska a Polska
_xgospodarka
650 9 _aKoszty
_xrachunkowość
650 9 _aPolska a Unia Europejska
_xgospodarka
655 _aMateriały konferencyjne
830 0 _aPrace Wydziału Zarządzania Politechniki Częstochowskiej.
_pSeminaria i Konferencje
040 _cBPK
041 0 _aplencs
_ben
080 _a657.47(438+4-67)"1989/..."(061)
942 _cKS
008 s pl f |000 0 pol
999 _c39593
_d39593
856 _uhttp://koha.tu.koszalin.pl/cgi-bin/koha/opac-detail.pl?biblionumber=39593
_yKatalog online BPK